Statistiques concernant Top 10 pays de la population hindoue

Cliquez ici pour prendre le quiz!

Statistiques générales

  • Ce quiz a été pris 110 fois
  • Le résultat moyen est 9 sur 10

Statistiques - réponses

*Hindu PopulationPays% Correct
973,750,000Inde
100%
24,170,000Nepal
95%
3,330,000Pakistan
95%
12,680,000Bangladesh
90%
2,830,000Sri Lanka
82%
1,790,000États-Unis
81%
4,050,000Indonesie
80%
890,000Royaume-Uni
79%
820,000Myanmar
74%
1,720,000Malaisie
73%

Distribution des résultats

Percentile par nombre de réponses

% des personnes avec chaque résultat

Votre développement - résultats

Vous n’avez pas pris ce quiz